00815nam a2200241Ia 4500001001100000003000500011008004100016010001100057020003000068040000900098082002200107245015800129260003800287650002500325650003100350650002500381650002100406650002600427700002800453700002900481700003400510700002900544Para_10249CHAP220125s2013 xx 000 0 und d a208937 a978 - 2 - 7649 - 0230 - 1 cCHAP aPA 634.7 D57 2013 aDiseases, pests and beneficial organisms of Strawberry, Raspberry, and Blueberry /c Liette Lambert, Ginette H. Laplante, Odile Carisse, Charles Vincent aSt. Paul, Minnesota :b APS Press aArándano x Plagas aFrambuesa x Enfermedades  aFrambuesa x Plagas  aFresa x Plagas  aFresax Enfermedades  aCarisse, Odile, coaut.  aLambert, Liette, coaut.  aLaplante, Ginette H., coaut.  aVincent, Charles, coaut.